| 000 | 00600nam a2200229Ia 4500 | ||
|---|---|---|---|
| 003 | OSt | ||
| 005 | 20220918190655.0 | ||
| 006 | a|||||r|||| 00| 0 | ||
| 007 | ta | ||
| 008 | 220917b |||||||| |||| 00| 0 eng d | ||
| 024 | _a58,656 | ||
| 037 | _cTextual | ||
| 040 |
_aARTS _cARTS _beng |
||
| 041 |
_2eng _aeng |
||
| 082 | _aQ1:24:g, F0.2 | ||
| 100 |
_aGargyayana _973498 |
||
| 245 | 0 | _aPaaranava veda or the science of the sacred world | |
| 260 |
_amadras _bAdyar _c1920 |
||
| 650 | _aRELIGION | ||
| 942 |
_hQ1:24:g, F0.2 _cTEXL _2CC |
||
| 999 |
_c186354 _d186354 |
||